000 00764nas a2200253 4500
001 BR0802521
003 BR-BrBNA
005 20231205112014.0
007 ta
008 230509b bl.|||p| |||| 00| 00por d
040 _aBR-BrBNA
_bpor
_cBiblioteca Nacional de Agricultura
041 _a(En)
072 _aL60
100 1 _aMesa, A.
100 1 _aZefa, E.
245 1 _aAdelosgryllus rubicephalus: a new genus and species of cricket (Orthoptera: Phalangopsidae)
650 _aINSETO
650 _aMORFOLOGIA ANIMAL
650 _aTAXONOMIA ANIMAL
650 _aCROMOSSOMO
773 0 _tNeotropical Entomology (Brazil)
_xISSN 1519-566X
_g(May-Jun 2004), v. 33(3) p. 327-332
_wBR0802521
909 _a202311
_bLúcia
_c55
_dLúcia Elande
942 _2AGRIS
_n0
_cANA
999 _c195584
_d195584